000 01663nam a2200361 c 4500
003 BLK
005 20241009005429.0
008 180408b bul|||||r ||||||| ||bul||
010 _aKNG00080134000
020 _a978-954-340-142-0
_bиздат.: Ню Медиа Груп
040 _aBLK
041 _aBUL
_cBUL
072 7 _2bullib
_aН85
_xДетска художествена литература Н
080 _aДатска литература
_b821.113.4
_x-93-34
_z821.113.4-93-34
100 _aАндерсен, Ханс Кристиан
_d1805 - 1875
_9363318
700 1 _aМаринова, Веска
_eпрев. от рус.
_gСтоянова, Веселина Маринова
_9367234
700 1 _aПедерсен, Вилхелм
_eил.
_9273296
139 _aАндерсен, Ханс Кристиан
_bА 65
245 1 0 _aАндерсенови приказки
_cХанс Кристиан Андерсен; прев. от рус. Веска Маринова; ил. Вилхелм Педерсен.
257 _aDAN
260 София
_bНю Медиа Груп
_c2010
_fКостинброд : Мултипринт
300 _a240 с.
_bс ил.
_c21 см
380 _aDX
490 1 _aЗлатна колекция Приказната съкровищница на света
_v5
500 _aБез сведение за ориг. загл. - Съдържа и Картинен речник на непознатите думи.
659 _aН
852 _aЦб 253398
856 4 _qpdf
_u
856 4 _qpdf
_u
942 _cKNG
_n0
944 _aCR
_c02.11.2011
_k
_lCRON CRON
944 _aED
_c25.04.2012
_k
999 _c75714
_d75714